000 00282nam a22001337a 4500
008 170324b xxu||||| |||| 00| 0 eng d
020 _a536798
041 _aeng
080 _a615.83
100 _a8
101 _aSHM
245 _aGET FIT, STAY WELL
_cHOPSON, J.L
942 _2udc
_cBK
999 _c8575
_d8575